000 01171nam a2200301 a 4500
001 26136
003 CO-ViMGA
005 20230915232148.0
008 141112s2004 ck r 000 u spa d
020 _a9789871432004
040 _aCO-ViMGA
_bspa
_cCO-ViMGA
041 _aspa
043 _acl - - - - -
082 0 4 _a306.7 F33s
100 1 _aFigari, Carlos Eduardo
_940808
111 _aJornadas de Estudios Interdisciplinarios sobre Cuerpo(s), Subjetividad(es) y Conflicto(s) : hacia una Sociología de los Cuerpos y las Emociones desde Latinoamérica ( 2007)
_940809
245 1 0 _aSexualidad, religión y ciencia :
_bdiscursos científicos y religiosos acerca de la sexualidad /
_cCarlos Figari
260 _aBuenos Aires :
_bEncuentro
300 _a128 p. ; 21 cm.
490 _aCuerpos en las márgenes
504 _aIncluye bibliografías.
650 1 4 _aSexualidad
650 1 4 _aSociologia
700 1 _aFigari, Carlos Eduardo, comp.
_940810
852 _17.648.30
942 _2ddc
_cBK
949 _an n
999 _c33356
_d33356